Представление документа в формате RUSMARC

ПолеНазваниеЗначение
  Тип записи i
  Библиографический уровень m
001 Контрольный номер RU/IS/BASE/517597049
005 Дата корректировки 20201206205012.3
010 Индекс ISBN __
a ISBN (в кор.)
d Цена 521-44
100 Данные общей обработки __
a Данные общей обработки 19160526d2012||||||| 0rusy0189 ca
101 Язык документа 0_
a Язык текста rus
102 Страна публикации __
a Страна публикации ru|
105 Кодированные данные (монография) __
a Кодированные данные (монография) nn|||||||k|zy
127 Кодированные данные (звукозаписи-физические характеристики) __
a Продолжительность проигрывания 02 ч 12 мин
200 Заглавие и сведения об ответственности 1_
a Заглавие "Горе от ума"
e Сведения, относящиеся к заглавию [спектакль Государственного Академического Малого театра : 16+]
f Первые сведения об ответственности Александр Сергеевич Грибоедов ; [постановка П. М. Садовского ; режиссер-постановщик Б. И. Никольский ; исполнители: П. М. Садовский и др.]
b Общее обозначение материала Звукозапись
210 Выходные данные __
a Место издания Москва
c Издательство Агентство
d Дата издания 2012
215 Физическое описание __
a Объем 1 электрон. опт. диск (Audio CD)
c Иллюстрации/тип воспроизводства mp3, stereo
d Формат 12х14 см
225 Серия __
a Серия Audiobook
230 Специфическая характеристика материала: электронные ресурсы __
a Обозначение и объем ресурса Электронные звуковые данные
300 Общие примечания __
a Общие примечания Заглавие с этикетки диска
323 Примечание о главных создателях, исполнителях, участниках __
a Примечание о главных создателях, исполнителях, участниках Садовский, П. М.
323 Примечание о главных создателях, исполнителях, участниках __
a Примечание о главных создателях, исполнителях, участниках Лиско, И. А.
323 Примечание о главных создателях, исполнителях, участниках __
a Примечание о главных создателях, исполнителях, участниках Фадеева, С. Н.
323 Примечание о главных создателях, исполнителях, участниках __
a Примечание о главных создателях, исполнителях, участниках Садовский, М. М.
323 Примечание о главных создателях, исполнителях, участниках __
a Примечание о главных создателях, исполнителях, участниках Царев, М. И.
323 Примечание о главных создателях, исполнителях, участниках __
a Примечание о главных создателях, исполнителях, участниках Соловьев, Н. А.
323 Примечание о главных создателях, исполнителях, участниках __
a Примечание о главных создателях, исполнителях, участниках Шатрова, Е. М.
323 Примечание о главных создателях, исполнителях, участниках __
a Примечание о главных создателях, исполнителях, участниках Рыжов, Н. И.
323 Примечание о главных создателях, исполнителях, участниках __
a Примечание о главных создателях, исполнителях, участниках Турчанинова, Е. Д.
323 Примечание о главных создателях, исполнителях, участниках __
a Примечание о главных создателях, исполнителях, участниках Рыжова, В. Н.
323 Примечание о главных создателях, исполнителях, участниках __
a Примечание о главных создателях, исполнителях, участниках Яблочкина, А. А.
323 Примечание о главных создателях, исполнителях, участниках __
a Примечание о главных создателях, исполнителях, участниках Светловидов, Н. А.
330 Аннотация __
a Аннотация Комедия «Горе от ума» - сатира на аристократическое московское общество первой половины XIX века - одна из вершин русской драматургии и поэзии. Удачно воплощенный режиссерский замысел, блистательная игра актеров Малого театра, славящегося своими традициями и отношением к классическому репертуару - все это делает спектакль ярким и незабываемым.
333 Примечание о целевом назначении __
a Примечание о целевом назначении 16+. Для детей старше 16 лет
337 Примечание о системных требованиях (электронные ресурсы) __
a Примечание о системных требованиях (электронные ресурсы) Системные требования: MS Windows ; Pentium 100 ; RAM 16 Мб ; SVGA, 800x600 ; CD-ROM ; зв. карта ; колонки или наушники ; мышь ; аудиосистемы с поддержкой формата MP3: музыкальный центр ; CD/DVD-плеер и т.д.
606 Тематические рубрики __
a Основная рубрика Музыка и зрелищные искусства
606 Тематические рубрики __
a Основная рубрика Художественное радиовещание
606 Тематические рубрики __
a Основная рубрика Художественная литература
606 Тематические рубрики __
a Основная рубрика Русская литература XIX в. (произведения)
610 Ключевые слова __
a Ключевые слова аудиоспектакли
a Ключевые слова драматургия
a Ключевые слова классика
a Ключевые слова классическая литература
a Ключевые слова комедии
a Ключевые слова литературные герои
a Ключевые слова литературные персонажи
a Ключевые слова Молчалин
a Ключевые слова пьесы
a Ключевые слова радиопостановки
a Ключевые слова русская классика
a Ключевые слова русская классическая драматургия
a Ключевые слова русская классическая литература
a Ключевые слова тема дворянства
a Ключевые слова тема действительности
a Ключевые слова тема молодежи
a Ключевые слова тема морали
a Ключевые слова тема нравов
a Ключевые слова тема нравственности
a Ключевые слова тема общества
a Ключевые слова тема разочарований
a Ключевые слова тема сатиры
a Ключевые слова Фамусов
a Ключевые слова Чацкий
686 Индексы других классификаций __
2 Код системы rubbks
a Классификационный индекс 85.381.3(2)-7я04
686 Индексы других классификаций __
2 Код системы rubbks
a Классификационный индекс 84(2=411.2)52-6я04
700 Автор _1
a Фамилия Грибоедов
b Имя А. С.
f Даты 1795-1829
g Полное личное имя Александр Сергеевич
4 Код отношения 070
702 Вторичная интеллектуальная ответственность _1
a Фамилия Садовский
b Имя П. М.
4 Код отношения Прочие
4 Код отношения 570
702 Вторичная интеллектуальная ответственность _1
a Фамилия Никольский
b Имя Б. И.
4 Код отношения Режиссер
4 Код отношения 070
711 Наименование организации. (Альтернативная ответственность) __
a Организация/ юрисдикция Государственный академический Малый театр СССР
801 Источник записи _0
a Страна ru
b Организация Муниципальное бюджетное учреждение культуры "Централизованная библиотечная система" г. Сургут (Центральная городская библиотека им. А. С. Пушкина)
c Дата составления 20160526
g Правила каталогизации КиК/Лукашук
801 Источник записи _1
a Страна ru
b Организация Муниципальное бюджетное учреждение культуры "Централизованная библиотечная система" г. Сургут (Центральная городская библиотека им. А. С. Пушкина)
c Дата составления 20160526
g Правила каталогизации КиК/Лукашук
852 Данные о местонахождении __
j Шифр хранения 85.381.3(2)-7я04
i Авторский знак Г 82
901 Тип документа 1_
t Тип документа 0
903 Характеристики (МАРС) __
a Дата передачи 20160526
969 Тип издания __
a Тип издания аудиоспектакль; издание для слепых
990 Данные о заказе (DOS) __
j Количество экземпляров (DOS) 1
t N записи в КСУ для И/У (DOS) 201606